| 000 | 00449nam a2200193Ia 4500 | ||
|---|---|---|---|
| 003 | 0100 | ||
| 008 | 130303s9999 xx 000 0 und d | ||
| 040 | _cARRUPELIB | ||
| 050 | _aB2779.H7B43 1963 | ||
| 100 | _aKant, Immanuel | ||
| 245 | _aOn history | ||
| 260 | _aIndianapolis | ||
| 260 | _bThe Bobbs-Merrill Company | ||
| 260 | _C1963 | ||
| 300 | _axxxi | ||
| 300 | _b 154p. 20cm. | ||
| 440 | _aThe library of liberal arts | ||
| 942 | 0 | 0 | _01 |
| 999 |
_c43054 _d43054 |
||